Καρμανιόλοι και βιβλίο (1800-1839)
Αποθηκεύτηκε σε:
| Κύριος συγγραφέας: | |
|---|---|
| Μορφή: | Βιβλίο |
| Γλώσσα: | Greek |
| Δημοσίευση: |
Αθήνα :
Έκδοση Αδελφότης Σαμίων Αθηνών,
1990.
|
| Θέματα: | |
| Ετικέτες: |
Προσθήκη ετικέτας
Δεν υπάρχουν, Καταχωρήστε ετικέτα πρώτοι!
|
MARC
| LEADER | 00000nam a2200000 a 4500 | ||
|---|---|---|---|
| 001 | 1/126512 | ||
| 008 | 230508t1990####gr | ||| |||| ||gre|| | ||
| 020 | |a 9602200707 | ||
| 040 | |a GR-MyUa |b gre |c GR-MyUa |e AACR2 | ||
| 041 | 0 | |a gre | |
| 082 | 7 | |a 938.975 |2 (23) | |
| 100 | 1 | |a Βουρλιώτης, Μανόλης Α. | |
| 245 | 1 | 0 | |a Καρμανιόλοι και βιβλίο (1800-1839) / |c Μανόλης Α. Βαρβούνης. |
| 260 | |a Αθήνα : |b Έκδοση Αδελφότης Σαμίων Αθηνών, |c 1990. | ||
| 300 | |a 78 σ. ; |c 24 εκ. | ||
| 650 | 0 | |a Revolutionaries |z Greece |z Samos (Municipality) | |
| 650 | 0 | |a Books |z Greece |x History. | |
| 650 | 0 | |a Publishers and publishing |z Greece |x History. | |
| 651 | 0 | |a Samos (Greece : Municipality) |x History. | |
| 852 | |a INST |b SAMOS |e 20230508 |h 938.975 BOY |p 005300047990 |q 005300047990 |t BK |y 0 | ||
| 970 | |a Γουβάλα |b Βάσω |z 8-5-2023 | ||